| 000 | 00650nam a2200193Ia 4500 | ||
|---|---|---|---|
| 005 | 20250508155830.0 | ||
| 008 | 008 250505s9999 xx 000 0 eng d | ||
| 037 | _aDissertations | ||
| 040 |
_aFEDL _beng _cFEDL |
||
| 041 |
_aeng _2eng |
||
| 084 |
_a371.11, VAI/DI _qFEDL |
||
| 100 |
_aVaishnavi S L _9767590 |
||
| 245 | 0 | _a"Study of some of the traits of successful teachers lectures- in the training instituions as ranked by student teachers, teachers and administrative officers" | |
| 260 | _c1953 | ||
| 300 | _a92p. | ||
| 546 | _aM.Ed. Dissertations, 1952-53 | ||
| 942 |
_cDIS _h371.11, VAI/DI |
||
| 999 |
_c1359502 _d1359502 |
||